Statistics for Australian Artists Who Have Charted on the USA Billboard Hot 100 Chart at Least Twice #2

Click here to take the quiz!

General Stats

  • This quiz has been taken 26 times
  • The average score is 5 of 12

Answer Stats

Year First Charted Sample of Charted Songs Answer % Correct
2012Somebody That I Used to Know, Eyes Wide OpenGotye
71%
1963Tie Me Kangaroo Down Sport, Sun AriseRolf Harris
63%
1985Pleasure and Pain, I Touch MyselfDivinyls
63%
1986Something So Strong, Don't Dream It's OverCrowded House
63%
1965Georgy Girl, I'll Never Find Another YouThe Seekers
50%
1981Crazy, Electric BlueIcehouse
42%
1975Yesterday's Hero, Love is in the AirJohn Paul Young
33%
1987Funkytown, Living in a DreamPseudo Echo
29%
1983What About MeMoving Pictures
25%
1987Sugar Free, StimulationWa Wa Nee
21%
2014Amnesia, Youngblood5 Seconds of Summer
13%
2000Kiss a Girl, Somebody Like YouKeith Urban
8%

Score Distribution

Percentile by Number Answered

Percent of People with Each Score

Your Score History

You have not taken this quiz